|
|
|
|
| LEADER |
00000nam a2200000 a 4500 |
| 001 |
vtls008381312 |
| 003 |
SK-MaSNL |
| 005 |
20260302074644.0 |
| 008 |
181121s1949 xo slo |
| 015 |
|
|
|a SKSNBA19451955-006179
|
| 035 |
|
|
|a SK01SNKBKSFS20020073529
|
| 035 |
|
|
|a SKM000075992
|
| 040 |
|
|
|a SNK
|b slo
|c SNK
|e AACR2
|
| 041 |
1 |
|
|a slo
|
| 044 |
|
|
|a xo
|c SK
|
| 080 |
|
|
|a 885.4-992
|2 1981
|
| 100 |
1 |
|
|a Kukučín, Martin,
|d 1860-1928
|4 aut
|9 100266
|
| 245 |
1 |
0 |
|a Črty z ciest
|b dojmy z Francúzska
|c Martin Kukučín
|
| 250 |
|
|
|a (3. vyd.)
|
| 260 |
|
|
|a Turčiansky Sv. Martin
|b Matica slovenská
|c 1949
|e Turčiansky Sv. Martin
|f Neografia
|
| 300 |
|
|
|a 399, [2] s.
|c 8°
|
| 490 |
1 |
|
|a Sobrané spisy Martina Kukučína
|v sv. 9
|
| 650 |
0 |
7 |
|a cestopisy slovenské
|2 SNK
|9 392527
|
| 651 |
|
7 |
|a Francúzsko
|2 SNK
|9 15907
|
| 655 |
|
7 |
|a umelecká literatúra
|2 SNKPH
|9 60405
|
| 830 |
|
0 |
|a Sobrané spisy Martina Kukučína
|9 301695
|
| 852 |
|
|
|a Slovenská národná knižnica v Martine
|b 10000
|h MS SD 4040/9
|
| 958 |
|
|
|a OND
|
| 958 |
|
|
|a RK
|
| 958 |
|
|
|a TL
|
| 999 |
|
|
|c 1165963
|d 1167893
|
| 952 |
|
|
|a SNK
|b SNK
|y VYP
|7 0
|p 17A0540838
|o snkSD 4040/9 D1
|i snkF 5166/62
|8 5
|3 rekatalogizácia
|0 0
|1 0
|4 0
|d 2007-03-07
|l 0
|r 2026-02-24 20:48:33
|w 2026-02-24
|
| 952 |
|
|
|a SNK
|b SNK
|y VYP
|7 0
|p 17A0540839
|o snkSD 4040/9 D2
|i snkD 105/63
|8 1
|3 rekatalogizácia
|0 0
|1 0
|4 0
|d 2007-03-07
|l 0
|r 2026-02-24 20:48:33
|w 2026-02-24
|
| 952 |
|
|
|a SNK
|b SNK
|y VYP
|7 0
|p 17A0540840
|o snkSD 4040/9 D3
|i snkF 381/64
|8 5
|3 rekatalogizácia
|0 0
|1 0
|4 0
|d 2007-03-07
|l 0
|r 2026-02-24 20:48:33
|w 2026-02-24
|